书目信息 |
| 题名: |
管理会计
|
|
| 作者: | 陆廷纲 , 胡文义 编著 | |
| 分册: | ||
| 出版信息: | 太原 山西人民出版社 1983 |
|
| 页数: | 415页 | |
| 开本: | 19cm | |
| 丛书名: | ||
| 单 册: | ||
| 中图分类: | F234.3 | |
| 科图分类: | ||
| 主题词: | 管理会计 | |
| 电子资源: | ||
| ISBN: | ||
| 000 | 00622nam0 2200241 45 | |
| 001 | 0183003381 | |
| 005 | 20060809171640.54 | |
| 010 | @dCNY1.70 | |
| 091 | @aCN@b4088.30 | |
| 100 | @a19950704d1983 em y0chiy0121 ea | |
| 101 | 0 | @achi |
| 102 | @aCN@b140000 | |
| 105 | @ay z 000yy | |
| 200 | 10 | @a管理会计@Aguan li kuai ji@f胡文义,陆廷纲编著 |
| 210 | @a太原@c山西人民出版社@d1983 | |
| 215 | @a415页@d19cm | |
| 606 | @a管理会计 | |
| 690 | @aF234.3@v3 | |
| 701 | 0 | @a陆廷纲@Alu ting gang@4编著 |
| 701 | 0 | @a胡文义@Ahu wen yi@4编著 |
| 801 | 2 | @aCN@bNLC@c20060809 |
| 801 | 0 | @aCN@bTSSF |
| 905 | @a10447@dF234.3@e179 | |
| 管理会计/胡文义,陆廷纲编著.-太原:山西人民出版社,1983 |
| 415页;19cm |
| ISBN :CNY1.70 |
| ● |
| 相关链接 |
|
|
|
|
正题名:管理会计
索取号:F234.3/179
 
预约/预借
| 序号 | 登录号 | 条形码 | 馆藏地/架位号 | 状态 | 备注 |
| 1 | 0448160 | 204481603 | 密集书库/ [索取号:F234.3/179] | 在馆 | |
| 2 | 0448161 | 204481612 | 密集书库/ [索取号:F234.3/179] | 在馆 | |
| 3 | 0448162 | 204481621 | 密集书库/ [索取号:F234.3/179] | 在馆 |